[Event "DSOL 04 Liga Gr-A 1st"]
[Site "Playchess.com INT"]
[Date "2020.07.20"]
[Round "5.4"]
[White "Malditz, Dieter"]
[Black "Herzog, Stefan"]
[Result "1-0"]
[WhiteElo "1777"]
[BlackElo "1537"]
[PlyCount "57"]
[EventDate "2020.06.22"]
[EventType "team-tourn (rapid)"]
[EventCountry "GER"]
[SourceTitle "EXT 2021"]
[Source "ChessBase"]
[SourceDate "2020.10.23"]
[SourceVersion "1"]
[SourceVersionDate "2020.10.23"]
[SourceQuality "1"]
[WhiteTeam "Ludwigshafen II"]
[BlackTeam "Eisenberg"]
[WhiteTeamCountry "GER"]
[BlackTeamCountry "GER"]

1. d4 e5 2. dxe5 Nc6 3. Nf3 Qe7 4. Nc3 Nxe5 5. Nxe5 Qxe5 6. e4 Nf6 7. Bd3 Bb4 8. Bd2 d5 9. 0-0 dxe4 10. Nxe4 Bxd2 11. Nxf6+ Qxf6 12. Qxd2 0-0 13. Qb4 a5 14. Qe4 g6 15. b3 c6 16. Qe3 Be6 17. Rfe1 Rae8 18. Qb6 Re7 19. Qxa5 Rfe8 20. Qd2 Bxb3 21. axb3 b5 22. Rad1 Rxe1+ 23. Rxe1 Rxe1+ 24. Qxe1 b4 25. g3 c5 26. Qe3 Qd6 27. h4 Kg7 28. h5 gxh5 29. Qg5+ 1-0